Cơ sở lý thuyết hàm và giải tích hàm Tác giả: A.N. Kolmogorov, S.V. Fomine; Dịch: Võ Tiếp; Biên tập: Nguyễn Văn Thường Tập 2
Trình bày những vấn đề tổng quát của lý thuyết tổng hợp, lý thuyết độ đo và của phép tính tích phân. Phương pháp tổng quát của giải tích hàm. Khái niệm không gian mêtríc, tôpô, vectơ, enclide... Nguyên lý ánh xạ và những ứng dụng
Guardado en:
| Autor principal: | |
|---|---|
| Formato: | Libro |
| Lenguaje: | Vietnamese |
| Publicado: |
H.
Giáo dục
1982
|
| Edición: | In lần thứ 2 có chỉnh lý |
| Colección: | Sách đại học sư phạm
|
| Materias: | |
| Etiquetas: |
Agregar Etiqueta
Sin Etiquetas, Sea el primero en etiquetar este registro!
|
| Thư viện lưu trữ: | Mạng thư viện Đại học Đà Nẵng |
|---|
| LEADER | 01566nam a2200361 4500 | ||
|---|---|---|---|
| 001 | 000007923 | ||
| 003 | 4100 | ||
| 005 | 20111117081100.0 | ||
| 008 | 111013s1982 viesd | ||
| 020 | |c 7.4 | ||
| 041 | 0 | |a vie | |
| 082 | |a 515.7 |b KO-A | ||
| 100 | 0 | |a A.N. Kolmogorov | |
| 245 | 1 | 0 | |a Cơ sở lý thuyết hàm và giải tích hàm |b Tác giả: A.N. Kolmogorov, S.V. Fomine; Dịch: Võ Tiếp; Biên tập: Nguyễn Văn Thường |c A.N. Kolmogorov |n Tập 2 |
| 250 | |a In lần thứ 2 có chỉnh lý | ||
| 260 | |a H. |b Giáo dục |c 1982 | ||
| 300 | |a 320tr. |c 20cm | ||
| 490 | |a Sách đại học sư phạm | ||
| 520 | |a Trình bày những vấn đề tổng quát của lý thuyết tổng hợp, lý thuyết độ đo và của phép tính tích phân. Phương pháp tổng quát của giải tích hàm. Khái niệm không gian mêtríc, tôpô, vectơ, enclide... Nguyên lý ánh xạ và những ứng dụng | ||
| 653 | |a Giải tích hàm | ||
| 653 | |a toán | ||
| 773 | |t Cơ sở lý thuyết hàm và giải tích hàm |w 4096 | ||
| 910 | |a Thương |d 13/10/2011 | ||
| OWN | |a LSP | ||
| AVA | |a UDN50 |b LSP |d 515.7 KO-A |e unavailable |t Error 5002 Not defined in file expand_doc_bib_avail. |f 5 |g 5 |h N |i 0 |k 1 | ||
| 999 | |a From the UDN01 | ||
| AVA | |a UDN50 |b LSP |d 515.7 KO-A |e unavailable |t Error 5002 Not defined in file expand_doc_bib_avail. |f 5 |g 5 |h N |i 0 |k 1 | ||
| TYP | |a Monograph | ||
| TYP | |a Printed language | ||
| 980 | |a Mạng thư viện Đại học Đà Nẵng | ||